Coronal index of solar activity for 1998

Bibliographic Details
Main Authors: Altrock, R. C. (Author), Rybanský, M. (Author), Minarovjech, M. (Author), Rušin, Vojtech, 1942- (Author)
Format: Article
Language:Slovak
English

MARC

LEADER 00000nab a2200000 a 4500
001 vtls010715881
003 SK-MaSNL
005 20260304190646.0
008 250709s1999 xo |||||||||||||||||slo|
035 |a (urnnbn)urn:nbn:sk:snk:ar-a04loc 
035 |a (uuid)cb75798a-a52b-4971-be9a-c2d24b04975b 
035 |a urn:nbn:sk:snk-ab3i0c 
040 |a SNKBUCL  |b slo  |c SNKBUCL  |e AACR2 
041 0 |a eng 
044 |a xo  |c SK 
100 1 |a Altrock, R. C.  |4 aut  |9 1522146 
245 1 0 |a Coronal index of solar activity for 1998  |c R. C. Altrock, M. Rybanský, M. Minarovjech, V. Rušin 
700 1 |a Rybanský, M.  |4 aut  |9 778385 
700 1 |a Minarovjech, M.  |4 aut  |9 778384 
700 1 |a Rušin, Vojtech,  |d 1942-  |4 aut  |9 85539 
773 0 |t Contributions of the Astronomical Observatory Skalnaté Pleso  |g Roč. 29, č. 2 (1999), s. [105]-110 
850 |a Slovenská národná knižnica 
852 |a Slovenská národná knižnica 
958 |a article1 
958 |a OND 
958 |a EUIPO 
999 |c 3050921  |d 3052851